[Event "46th GRE-chT Premier 2018"]
[Site "Rio Achaia"]
[Date "2018.07.15"]
[Round "7"]
[White "Lupulescu, Constantin"]
[Black "David, Alberto"]
[Result "1/2-1/2"]
[WhiteElo "2617"]
[BlackElo "2549"]
[Annotator "TA"]
[PlyCount "117"]
[EventDate "2018.07.10"]
[EventType "team-tourn"]
[EventCountry "GRE"]
[SourceTitle "playchess.com"]
[Source "ChessBase"]
[SourceQuality "1"]

1. e4 c6 2. d4 d5 3. exd5 cxd5 4. Bd3 Nc6 5. c3 Qc7 6. h3 g6 7. Ne2 Nf6 8. Bf4 Qb6 9. Qb3 Bf5 10. Bxf5 gxf5 11. Na3 Rc8 12. f3 h5 13. h4 e6 14. Qxb6 axb6 15. Nc2 Nd7 16. Kf2 Be7 17. Rae1 b5 18. a3 Nf8 19. Bg3 Ng6 20. Nf4 Nxf4 21. Bxf4 Kd7 22. Re2 Bd6 23. Bxd6 Kxd6 24. g3 Ne7 25. Nb4 Ng6 26. Nd3 Rcg8 27. Ra1 Ra8 28. Ke3 Rhg8 29. Nf4 Nxf4 30. Kxf4 Rg6 31. Rg2 Rf6 32. b3 Rh6 33. a4 Rhh8 34. Rb1 Rhc8 35. Rc2 bxa4 36. bxa4 Rxa4 37. Rxb7 Rxd4+ 38. cxd4 Rxc2 39. Rxf7 Rc4 40. Ke3 Rc3+ 41. Ke2 Rc2+ 42. Kd3 Ra2 43. Rh7 Ra3+ 44. Ke2 Ra2+ 45. Ke3 Ra3+ 46. Kf2 Ra2+ 47. Ke3 Ra3+ 48. Kf2 Ra2+ 49. Kf1 Rd2 50. Rxh5 Ke7 51. g4 fxg4 52. fxg4 Rxd4 53. g5 Kf7 54. Rh7+ Kg8 55. Rh6 Re4 56. h5 d4 57. Rg6+ Kh7 58. Rf6 Re5 59. Rf7+ 1/2-1/2

[Event "46th GRE-chT Premier 2018"]
[Site "Rio Achaia"]
[Date "2018.07.15"]
[Round "7"]
[White "Postny, Evgeny"]
[Black "Mastrovasilis, Dimitrios"]
[Result "1/2-1/2"]
[WhiteElo "2585"]
[BlackElo "2580"]
[Annotator "TA"]
[PlyCount "64"]
[EventDate "2018.07.10"]
[EventType "team-tourn"]
[EventCountry "GRE"]
[SourceTitle "playchess.com"]
[Source "ChessBase"]
[SourceQuality "1"]

1. d4 d5 2. c4 e6 3. Nf3 Nf6 4. g3 dxc4 5. Bg2 a6 6. Ne5 c5 7. Na3 cxd4 8. Naxc4 Bc5 9. O-O O-O 10. Bg5 h6 11. Bxf6 Qxf6 12. Qb3 Nd7 13. Nxd7 Bxd7 14. Qxb7 Bb5 15. Rac1 Rab8 16. Qe4 Rfd8 17. Ne5 Bd6 18. Nc6 Bxc6 19. Rxc6 Rxb2 20. Rxa6 Qe5 21. Ra8 Rxa8 22. Qxa8+ Bf8 23. Bf3 d3 24. exd3 g6 25. a4 Qd4 26. Qe4 Bc5 27. Qxd4 Bxd4 28. Bc6 Kg7 29. Bb5 Ra2 30. h4 g5 31. hxg5 hxg5 32. g4 f5 1/2-1/2

[Event "46th GRE-chT Premier 2018"]
[Site "Rio Achaia"]
[Date "2018.07.15"]
[Round "7"]
[White "Istratescu, Andrei"]
[Black "Kesidis, Odyseas"]
[Result "1-0"]
[WhiteElo "2575"]
[BlackElo "2248"]
[Annotator "TA"]
[PlyCount "63"]
[EventDate "2018.07.10"]
[EventType "team-tourn"]
[EventCountry "GRE"]
[SourceTitle "playchess.com"]
[Source "ChessBase"]
[SourceQuality "1"]

1. e4 e5 2. Nf3 Nc6 3. Bb5 a6 4. Bxc6 dxc6 5. O-O Bg4 6. h3 h5 7. d3 Qf6 8. Nbd2 O-O-O 9. hxg4 hxg4 10. Nh2 Nh6 11. g3 Bc5 12. Nb3 Bb6 13. Kg2 Kb8 14. Nxg4 Qg6 15. Bxh6 gxh6 16. Nxe5 Qg7 17. Qh5 Rhg8 18. Qf5 f6 19. Nc4 Ba7 20. Qf3 f5 21. exf5 Rdf8 22. d4 Bxd4 23. Nxd4 Qxd4 24. b3 Rg5 25. Rad1 Qc5 26. Ne3 h5 27. Rh1 Rh8 28. Qf4 Rhg8 29. Rd8+ Rxd8 30. Qxg5 Rd2 31. Rxh5 Qd4 32. Qf4 1-0

[Event "46th GRE-chT Premier 2018"]
[Site "Rio Achaia"]
[Date "2018.07.15"]
[Round "7"]
[White "Fier, Alexandr"]
[Black "Banikas, Hristos"]
[Result "1/2-1/2"]
[WhiteElo "2570"]
[BlackElo "2591"]
[Annotator "RC"]
[PlyCount "80"]
[EventDate "2018.07.10"]
[EventType "team-tourn"]
[EventCountry "GRE"]
[SourceTitle "playchess.com"]
[Source "ChessBase"]
[SourceQuality "1"]

1. e4 c5 2. Nf3 d6 3. d4 cxd4 4. Nxd4 Nf6 5. Nc3 a6 6. Bg5 Nbd7 7. f4 Qc7 8. Qf3 b5 9. O-O-O Bb7 10. g4 g6 11. Bxf6 Nxf6 12. g5 Nd7 13. Nd5 Bxd5 14. exd5 Bg7 15. Nc6 Nb8 16. Bg2 Nxc6 17. dxc6 e6 18. Qa3 b4 19. Qg3 O-O 20. f5 Be5 21. Qh4 exf5 22. Bd5 a5 23. Rd3 a4 24. Re1 Rfe8 25. Rh3 Bg7 26. Qxh7+ Kf8 27. Qh8+ Bxh8 28. Rxh8+ Kg7 29. Rexe8 Rxe8 30. Rxe8 Qa7 31. c4 Qg1+ 32. Kd2 Qxh2+ 33. Kd3 Qg3+ 34. Ke2 Qg4+ 35. Kf1 Qd1+ 36. Kg2 Qd2+ 37. Kf3 Qd3+ 38. Kg2 Qd2+ 39. Kf3 Qd3+ 40. Kg2 Qd2+ 1/2-1/2

[Event "46th GRE-chT Premier 2018"]
[Site "Rio Achaia"]
[Date "2018.07.15"]
[Round "7"]
[White "Pavlidis, Antonios"]
[Black "Kofidis, Andreas"]
[Result "1-0"]
[WhiteElo "2564"]
[BlackElo "2321"]
[Annotator "RC"]
[PlyCount "51"]
[EventDate "2018.07.10"]
[EventType "team-tourn"]
[EventCountry "GRE"]
[SourceTitle "playchess.com"]
[Source "ChessBase"]
[SourceQuality "1"]

1. e4 e6 2. d4 d5 3. Nc3 dxe4 4. Nxe4 Nd7 5. Nf3 Ngf6 6. Bd3 Nxe4 7. Bxe4 Nf6 8. Bg5 Be7 9. Bxf6 Bxf6 10. Qe2 O-O 11. O-O-O Qd6 12. Qe3 Qa6 13. Kb1 Bd7 14. h4 Bc6 15. Ng5 g6 16. Qf3 Bg7 17. h5 h6 18. hxg6 fxg6 19. Qg4 Bd5 20. Bxd5 exd5 21. Ne6 Rf7 22. Qxg6 Re8 23. Rde1 Ree7 24. Rxh6 Rf6 25. Qh7+ Kf7 26. Qxg7+ 1-0

[Event "46th GRE-chT Premier 2018"]
[Site "Rio Achaia"]
[Date "2018.07.15"]
[Round "7"]
[White "Boruchovsky, Avital"]
[Black "Yilmaz, Mustafa"]
[Result "1/2-1/2"]
[WhiteElo "2558"]
[BlackElo "2624"]
[Annotator "TA"]
[PlyCount "113"]
[EventDate "2018.07.10"]
[EventType "team-tourn"]
[EventCountry "GRE"]
[SourceTitle "playchess.com"]
[Source "ChessBase"]
[SourceQuality "1"]

1. e4 c5 2. c3 Nf6 3. e5 Nd5 4. d4 cxd4 5. cxd4 d6 6. Nf3 Nc6 7. Bc4 Nb6 8. Bb5 dxe5 9. Nxe5 Bd7 10. Nxd7 Qxd7 11. Nc3 e6 12. O-O Rd8 13. Be3 Be7 14. Qb3 O-O 15. Rad1 Qd6 16. a3 Na5 17. Qa2 Nd5 18. Be2 Nc6 19. Nxd5 exd5 20. g3 Bf6 21. Bf3 Rfe8 22. Rd3 h6 23. Rc1 Bg5 24. Bxg5 hxg5 25. b4 Qg6 26. Qd2 Rd6 27. Rc5 Red8 28. h3 Qf6 29. Bg2 R8d7 30. b5 Nd8 31. Rf3 Qe7 32. Rc8 Kh7 33. Qe3 g6 34. Kh2 Kg7 35. a4 Qxe3 36. fxe3 a6 37. Rf2 axb5 38. axb5 Re7 39. Rc3 Kf8 40. Ra2 Red7 41. h4 Ne6 42. Ra8+ Ke7 43. Rb3 Rb6 44. Rc8 g4 45. Rh8 Kf6 46. Rg8 Ng7 47. Rc8 Nf5 48. Rc5 Re7 49. Rcc3 Rbe6 50. Bxd5 Rxe3 51. Rxe3 Nxe3 52. Bxb7 Nf1+ 53. Kg2 Nd2 54. Rd3 Rxb7 55. Rxd2 Rxb5 56. Re2 Kf5 57. Rf2+ 1/2-1/2

[Event "46th GRE-chT Premier 2018"]
[Site "Rio Achaia"]
[Date "2018.07.15"]
[Round "7"]
[White "Mihok, Oliver"]
[Black "Secheres, Adrian-Simion"]
[Result "1/2-1/2"]
[WhiteElo "2550"]
[BlackElo "2415"]
[Annotator "TA"]
[PlyCount "43"]
[EventDate "2018.07.10"]
[EventType "team-tourn"]
[EventCountry "GRE"]
[SourceTitle "playchess.com"]
[Source "ChessBase"]
[SourceQuality "1"]

1. e4 c5 2. Nf3 Nc6 3. Bb5 d6 4. d4 cxd4 5. Qxd4 Bd7 6. Qd3 Nf6 7. c4 g6 8. Nc3 Bg7 9. O-O O-O 10. h3 Rc8 11. Be3 a6 12. Bxc6 Bxc6 13. Rac1 Qa5 14. Nd4 Nd7 15. Qb1 Qh5 16. Nce2 Nc5 17. Ng3 Qh4 18. Nf3 Qf6 19. Bd4 Qf4 20. Be3 Qf6 21. Bd4 Qf4 22. Be3 1/2-1/2

[Event "46th GRE-chT Premier 2018"]
[Site "Rio Achaia"]
[Date "2018.07.15"]
[Round "7"]
[White "Macieja, Bartlomiej"]
[Black "Mitsis, Georgios"]
[Result "1-0"]
[WhiteElo "2525"]
[BlackElo "2350"]
[Annotator "ChessBase"]
[PlyCount "95"]
[EventDate "2018.07.10"]
[EventType "team-tourn"]
[EventCountry "GRE"]
[SourceTitle "playchess.com"]
[Source "ChessBase"]
[SourceQuality "1"]

1. e4 e5 2. Nf3 Nc6 3. Bb5 a6 4. Ba4 Nf6 5. d3 b5 6. Bb3 Bc5 7. a4 Rb8 8. axb5 axb5 9. Nc3 h6 10. Ne2 d6 11. c3 Bb6 12. Ng3 O-O 13. O-O Ne7 14. Be3 c5 15. h3 Ng6 16. d4 Bb7 17. Bc2 exd4 18. cxd4 Re8 19. d5 Bc8 20. Qd2 Qe7 21. Rfe1 Qf8 22. b4 c4 23. Bxb6 Rxb6 24. Qd4 Rb8 25. Ne2 Bd7 26. Ra6 Ra8 27. Rea1 Rxa6 28. Rxa6 Ra8 29. Qb6 Rxa6 30. Qxa6 Qe7 31. Nc3 Nf4 32. Qa8+ Qe8 33. Qa7 Qc8 34. Qe3 Ng6 35. Qb6 Bxh3 36. Qxd6 Nh5 37. Qh2 Bd7 38. Qxh5 Bg4 39. Qh2 Qa6 40. Qb8+ Kh7 41. Nd1 Qa1 42. Kh2 Bxf3 43. gxf3 Ne5 44. Kg2 g5 45. d6 Kg7 46. Ne3 Ng6 47. Nf5+ Kh7 48. d7 1-0

[Event "46th GRE-chT Premier 2018"]
[Site "Rio Achaia"]
[Date "2018.07.15"]
[Round "7"]
[White "Theodorou, Nikolas"]
[Black "Baron, Tal"]
[Result "1-0"]
[WhiteElo "2513"]
[BlackElo "2530"]
[Annotator "TA"]
[PlyCount "105"]
[EventDate "2018.07.10"]
[EventType "team-tourn"]
[EventCountry "GRE"]
[SourceTitle "playchess.com"]
[Source "ChessBase"]
[SourceQuality "1"]

1. d4 Nf6 2. Nf3 d5 3. c4 e6 4. g3 dxc4 5. Bg2 Nc6 6. O-O Rb8 7. e3 b5 8. b3 cxb3 9. axb3 a6 10. Bb2 Bb7 11. Qe2 Nb4 12. Rc1 Be7 13. Nbd2 O-O 14. Ne5 Bxg2 15. Kxg2 Rb6 16. Qf3 Nd7 17. Nc6 Nxc6 18. Rxc6 Rxc6 19. Qxc6 Nb8 20. Qc2 c5 21. dxc5 Qd5+ 22. Nf3 Qxc5 23. Qxc5 Bxc5 24. Be5 f6 25. Bxb8 Rxb8 26. Rxa6 Kf7 27. Nd2 Rb7 28. Ne4 Bb4 29. g4 h6 30. h4 g6 31. Ng3 Ke7 32. Ne2 Bd6 33. Nd4 e5 34. Ne2 Bc7 35. Nc3 Bd8 36. Ne4 Bb6 37. Ra8 f5 38. Rh8 Ke6 39. gxf5+ gxf5 40. Rxh6+ Kd5 41. Nd6 Rb8 42. Nxf5 Ke4 43. Nd6+ Kd3 44. Nxb5 Bxe3 45. fxe3 Rxb5 46. Kf3 e4+ 47. Kf4 Rxb3 48. Rd6+ Ke2 49. Rd4 Rb8 50. Rxe4 Rh8 51. Kg5 Rg8+ 52. Kf6 Kf3 53. Re5 1-0

[Event "46th GRE-chT Premier 2018"]
[Site "Rio Achaia"]
[Date "2018.07.15"]
[Round "7"]
[White "Firman, Nazar"]
[Black "Kuljasevic, Davorin"]
[Result "1-0"]
[WhiteElo "2512"]
[BlackElo "2545"]
[Annotator "TA"]
[PlyCount "79"]
[EventDate "2018.07.10"]
[EventType "team-tourn"]
[EventCountry "GRE"]
[SourceTitle "playchess.com"]
[Source "ChessBase"]
[SourceQuality "1"]

1. e4 e5 2. Nf3 Nc6 3. Bb5 a6 4. Ba4 Nf6 5. O-O Be7 6. d3 b5 7. Bb3 d6 8. Bd2 O-O 9. h3 Be6 10. Nc3 Bxb3 11. axb3 d5 12. Bg5 d4 13. Bxf6 Bxf6 14. Nd5 Qd6 15. c3 Bd8 16. c4 b4 17. c5 Qe6 18. Qc2 a5 19. Qc4 Ra7 20. Kh2 Kh8 21. Rae1 g6 22. Re2 Bf6 23. g3 Bg7 24. Ng5 Qd7 25. f4 exf4 26. gxf4 Raa8 27. e5 Rad8 28. Nf6 Bxf6 29. exf6 h6 30. Ne4 Qf5 31. Qc1 Rde8 32. Qe1 Qh5 33. Rg2 Rg8 34. Rg4 g5 35. Qd1 Kh7 36. f5 Ne5 37. Kg2 c6 38. Rh1 Rd8 39. Ng3 Qh4 40. Kf2 1-0

[Event "46th GRE-chT Premier 2018"]
[Site "Rio Achaia"]
[Date "2018.07.15"]
[Round "7"]
[White "Mastrovasilis, Athanasios"]
[Black "Grivas, Efstratios"]
[Result "1-0"]
[WhiteElo "2497"]
[BlackElo "2431"]
[Annotator "TA"]
[PlyCount "89"]
[EventDate "2018.07.10"]
[EventType "team-tourn"]
[EventCountry "GRE"]
[SourceTitle "playchess.com"]
[Source "ChessBase"]
[SourceQuality "1"]

1. d4 Nf6 2. Nf3 g6 3. c4 Bg7 4. Nc3 O-O 5. Bf4 d6 6. e3 Bg4 7. Be2 Nc6 8. h3 Bxf3 9. Bxf3 Nd7 10. Bh2 e5 11. d5 Ne7 12. O-O f5 13. Rc1 a5 14. Be2 Nc5 15. Kh1 c6 16. Rc2 Qc7 17. Rd2 Rad8 18. Qc2 Kh8 19. Rfd1 Ng8 20. a3 Nf6 21. Bf3 cxd5 22. Bxd5 Qb6 23. Nb5 a4 24. Bf3 Ne8 25. Rd5 Rf7 26. Qd2 Rfd7 27. Bg3 Bf6 28. Qb4 Nc7 29. Nxc7 Qxc7 30. Bh2 h5 31. Be2 Kg7 32. f3 h4 33. Bg1 Qc6 34. Bf2 Kf7 35. Be1 Ke7 36. Qd2 e4 37. Qc2 exf3 38. Bxf3 Qb6 39. Bb4 Na6 40. Bc3 Qb3 41. Bxf6+ Kxf6 42. Qf2 Kg7 43. e4 fxe4 44. Qd4+ Kh6 45. Rh5+ 1-0

[Event "46th GRE-chT Premier 2018"]
[Site "Rio Achaia"]
[Date "2018.07.15"]
[Round "7"]
[White "Nedev, Trajko"]
[Black "Fedorchuk, Sergey A"]
[Result "1/2-1/2"]
[WhiteElo "2490"]
[BlackElo "2626"]
[Annotator "TA"]
[PlyCount "54"]
[EventDate "2018.07.10"]
[EventType "team-tourn"]
[EventCountry "GRE"]
[SourceTitle "playchess.com"]
[Source "ChessBase"]
[SourceQuality "1"]

1. e4 c5 2. Nf3 e6 3. d4 cxd4 4. Nxd4 a6 5. Bd3 Bc5 6. Nb3 Be7 7. Qg4 g6 8. Qe2 d6 9. O-O Nd7 10. Nc3 Ne5 11. f4 Nxd3 12. cxd3 Nf6 13. e5 Nh5 14. Ne4 O-O 15. Be3 b6 16. Bd4 Bb7 17. g4 dxe5 18. fxe5 Bxe4 19. Qxe4 Ng7 20. Rac1 b5 21. Rc6 Qd5 22. Rc7 Qd8 23. Qb7 Rb8 24. Qa7 Ra8 25. Qb7 Rb8 26. Qa7 Ra8 27. Qb7 Rb8 1/2-1/2

[Event "46th GRE-chT Premier 2018"]
[Site "Rio Achaia"]
[Date "2018.07.15"]
[Round "7"]
[White "Leniart, Arkadiusz"]
[Black "Halkias, Stelios"]
[Result "1/2-1/2"]
[WhiteElo "2489"]
[BlackElo "2570"]
[Annotator "RC"]
[PlyCount "73"]
[EventDate "2018.07.10"]
[EventType "team-tourn"]
[EventCountry "GRE"]
[SourceTitle "playchess.com"]
[Source "ChessBase"]
[SourceQuality "1"]

1. e4 e5 2. Nf3 Nc6 3. Bb5 a6 4. Ba4 Nf6 5. O-O Be7 6. Bxc6 dxc6 7. Nc3 Bg4 8. h3 Bxf3 9. Qxf3 O-O 10. d3 Nd7 11. Qg4 Nc5 12. Ne2 Qd7 13. Qxd7 Nxd7 14. b3 a5 15. a4 Bd6 16. Bb2 Rae8 17. g3 g6 18. Kg2 Nc5 19. f4 f5 20. fxe5 Bxe5 21. Bxe5 Rxe5 22. Rae1 Na6 23. Nd4 fxe4 24. Rxf8+ Kxf8 25. Rxe4 Rxe4 26. dxe4 Ke7 27. Kf3 Nb4 28. c3 Nd3 29. Ke3 Nc5 30. Kf4 h6 31. h4 Nd3+ 32. Ke3 Nc5 33. e5 Nd7 34. Ke4 Nc5+ 35. Ke3 Nd7 36. Ke4 Nc5+ 37. Ke3 1/2-1/2

[Event "46th GRE-chT Premier 2018"]
[Site "Rio Achaia"]
[Date "2018.07.15"]
[Round "7"]
[White "Shoker, Samy"]
[Black "Argiroudis, Stamatis"]
[Result "1-0"]
[WhiteElo "2482"]
[BlackElo "2306"]
[Annotator "TA"]
[PlyCount "67"]
[EventDate "2018.07.10"]
[EventType "team-tourn"]
[EventCountry "GRE"]
[SourceTitle "playchess.com"]
[Source "ChessBase"]
[SourceQuality "1"]

1. Nf3 c5 2. g3 Nc6 3. Bg2 g6 4. O-O Bg7 5. d3 d6 6. c3 e6 7. e4 Nge7 8. Re1 O-O 9. Be3 h6 10. Na3 Kh7 11. d4 b6 12. dxc5 dxc5 13. Qe2 Qc7 14. Nb5 Qb8 15. e5 Ba6 16. a4 Nd5 17. Bc1 Qd8 18. h4 Na5 19. Nd2 Qe7 20. h5 Rad8 21. Be4 Kh8 22. hxg6 f5 23. exf6 Qxf6 24. Bc2 Rd7 25. Ne4 Qe5 26. f4 Qb8 27. Ng5 Bd4+ 28. cxd4 hxg5 29. Qxe6 Nf6 30. Qh3+ Kg8 31. fxg5 Nh5 32. Re5 Bc8 33. Qxh5 cxd4 34. Bf4 1-0

[Event "46th GRE-chT Premier 2018"]
[Site "Rio Achaia"]
[Date "2018.07.15"]
[Round "7"]
[White "Cornette, Deimante"]
[Black "Zawadzka, Jolanta"]
[Result "1-0"]
[WhiteElo "2470"]
[BlackElo "2439"]
[Annotator "ChessBase"]
[PlyCount "101"]
[EventDate "2018.07.10"]
[EventType "team-tourn"]
[EventCountry "GRE"]
[SourceTitle "playchess.com"]
[Source "ChessBase"]
[SourceQuality "1"]

1. e4 c5 2. Nf3 e6 3. d4 cxd4 4. Nxd4 Nc6 5. Nc3 Qc7 6. Be3 a6 7. Qf3 Nf6 8. O-O-O Nxd4 9. Bxd4 e5 10. Be3 d6 11. h3 Be6 12. g4 Rc8 13. g5 Nd7 14. Kb1 Be7 15. h4 O-O 16. Bh3 Qc4 17. Rd2 Bxh3 18. Qxh3 Qe6 19. Nd5 Bd8 20. Qg2 f5 21. Qh3 Qf7 22. exf5 Kh8 23. f6 gxf6 24. gxf6 Ba5 25. Rd3 Nxf6 26. Nxf6 Qxf6 27. Qd7 Bc7 28. Rc3 Qf7 29. Qxf7 Rxf7 30. Bb6 Kg7 31. Rd1 h5 32. Rg3+ Kf8 33. Be3 Ke7 34. Rg5 Rh8 35. c4 b6 36. Rg6 Rhh7 37. Rdg1 Kd7 38. b4 Kc8 39. Kc2 Kb7 40. Kd3 Rd7 41. Ke4 Bd8 42. c5 bxc5 43. bxc5 dxc5 44. Bxc5 Rdf7 45. Rb1+ Kc8 46. Rxa6 Bxh4 47. Kd5 Be7 48. Rc6+ Kd8 49. Rb8+ Kd7 50. Rb7+ Ke8 51. Bxe7 1-0

[Event "46th GRE-chT Premier 2018"]
[Site "Rio Achaia"]
[Date "2018.07.15"]
[Round "7"]
[White "Georgiadis, Ioannis"]
[Black "Pavlidis, Anastasios"]
[Result "1/2-1/2"]
[WhiteElo "2465"]
[BlackElo "2362"]
[Annotator "ChessBase"]
[PlyCount "154"]
[EventDate "2018.07.10"]
[EventType "team-tourn"]
[EventCountry "GRE"]
[SourceTitle "playchess.com"]
[Source "ChessBase"]
[SourceQuality "1"]

1. e4 c5 2. Nf3 d6 3. Bb5+ Nc6 4. O-O Bd7 5. Re1 Nf6 6. c3 a6 7. Bf1 e5 8. h3 Be7 9. d4 Qc7 10. d5 Na5 11. b4 cxb4 12. cxb4 Nc4 13. Nbd2 Nxd2 14. Bxd2 b5 15. Bd3 O-O 16. Qe2 Qb7 17. Rec1 Bd8 18. Rab1 Ne8 19. Nh2 g6 20. Bh6 Ng7 21. f4 Bb6+ 22. Kh1 Nh5 23. Qf3 exf4 24. Bxf4 f5 25. exf5 Bxf5 26. Bxd6 Be6 27. Qe2 Qxd5 28. Qe5 Rad8 29. Ng4 Qxe5 30. Bxe5 Bxg4 31. hxg4 Rxd3 32. gxh5 Rd5 33. Rc6 Be3 34. Re6 Kf7 35. Rf6+ Ke7 36. Rxf8 Kxf8 37. Rf1+ Kg8 38. Bh2 Rxh5 39. Rf3 Bd4 40. Rd3 Rh4 41. g3 Re4 42. Ra3 Re6 43. Rd3 Bb6 44. Ra3 Bf2 45. Rd3 h5 46. Kg2 Be1 47. a3 Re2+ 48. Kh1 Kf7 49. Bg1 Ke6 50. Bb6 Bf2 51. Bc7 Be3 52. g4 hxg4 53. Rd6+ Kf5 54. Rxa6 Bf4 55. Rc6 Bxc7 56. Rxc7 g3 57. Kg1 Kg4 58. Rc8 Ra2 59. Ra8 g5 60. Ra7 g2 61. Kh2 g1=Q+ 62. Kxg1 Kg3 63. Kf1 g4 64. Rb7 Ra1+ 65. Ke2 Kh2 66. Rxb5 g3 67. Rh5+ Kg1 68. Kd3 g2 69. b5 Rxa3+ 70. Kc4 Rg3 71. Rd5 Kf2 72. Rd1 g1=Q 73. Rxg1 Rxg1 74. b6 Ke3 75. Kc5 Rg7 76. Kc6 Kd4 77. b7 Rxb7 1/2-1/2

[Event "46th GRE-chT Premier 2018"]
[Site "Rio Achaia"]
[Date "2018.07.15"]
[Round "7"]
[White "Firat, Burak"]
[Black "Saric, Ivan"]
[Result "0-1"]
[WhiteElo "2452"]
[BlackElo "2689"]
[Annotator "TA"]
[PlyCount "110"]
[EventDate "2018.07.10"]
[EventType "team-tourn"]
[EventCountry "GRE"]
[SourceTitle "playchess.com"]
[Source "ChessBase"]
[SourceQuality "1"]

1. e4 g6 2. d4 Bg7 3. Nc3 c6 4. Be3 d5 5. Qd2 dxe4 6. Nxe4 Nd7 7. O-O-O Ngf6 8. f3 O-O 9. Bh6 e5 10. Bxg7 Kxg7 11. dxe5 Nxe4 12. fxe4 Qe7 13. Nf3 Nxe5 14. Qc3 f6 15. Nxe5 Qxe5 16. Qxe5 fxe5 17. Bc4 Bg4 18. Rd2 Rae8 19. b4 h5 20. a4 Rf4 21. Re1 Ref8 22. Re3 Rf2 23. h3 Bc8 24. Rxf2 Rxf2 25. Re2 Rf1+ 26. Kd2 Kh6 27. Re1 Rxe1 28. Kxe1 Kg5 29. Bf7 h4 30. Kf2 Kf4 31. Bxg6 b6 32. a5 bxa5 33. bxa5 c5 34. Bf7 Bd7 35. Bd5 Ba4 36. Bb3 Bxb3 37. cxb3 Kxe4 38. g4 hxg3+ 39. Kxg3 Kd3 40. Kf2 e4 41. Ke1 Kc3 42. h4 Kxb3 43. h5 c4 44. h6 c3 45. h7 c2 46. h8=Q c1=Q+ 47. Ke2 Qc4+ 48. Ke1 Qb4+ 49. Kd1 Qxa5 50. Qd4 Qa4 51. Qe5 a5 52. Kd2 Qb4+ 53. Kd1 a4 54. Qe6+ Ka3 55. Qe8 e3 0-1

[Event "46th GRE-chT Premier 2018"]
[Site "Rio Achaia"]
[Date "2018.07.15"]
[Round "7"]
[White "Sandalakis, Angelos"]
[Black "Papageorgiou, Ioannis"]
[Result "0-1"]
[WhiteElo "2448"]
[BlackElo "1983"]
[Annotator "TA"]
[PlyCount "90"]
[EventDate "2018.07.10"]
[EventType "team-tourn"]
[EventCountry "GRE"]
[SourceTitle "playchess.com"]
[Source "ChessBase"]
[SourceQuality "1"]

1. e4 c5 2. Nf3 e6 3. d4 cxd4 4. Nxd4 a6 5. Bd3 Nf6 6. Qe2 Qc7 7. e5 Nd5 8. a3 d6 9. exd6 Bxd6 10. g3 Bd7 11. O-O O-O 12. c4 Ne7 13. Nc3 Nbc6 14. Nf3 Ne5 15. Nxe5 Bxe5 16. Ne4 Nf5 17. Ng5 h6 18. Nf3 Bf6 19. Bf4 Qb6 20. Ne5 Ba4 21. b3 Qxb3 22. Rab1 Qc3 23. Rxb7 g5 24. Nxf7 Rxf7 25. Qxe6 Ne7 26. Bg6 Be8 27. Rxe7 Bxe7 28. Be5 Qf3 29. Bd4 Rd8 30. Be4 Rd6 31. Qxd6 Qxe4 32. Qd5 Qxd5 33. cxd5 Bb5 34. Rc1 Bxa3 35. Rc8+ Rf8 36. Rc7 Rf7 37. Rc8+ Kh7 38. g4 Rd7 39. Rh8+ Kg6 40. Rg8+ Kf7 41. Rg7+ Kf8 42. Rg6 Rxd5 43. Bc3 Rd6 44. Rg7 Rd1+ 45. Kg2 Bf1+ 0-1

[Event "46th GRE-chT Premier 2018"]
[Site "Rio Achaia"]
[Date "2018.07.15"]
[Round "7"]
[White "Barski, Radoslaw"]
[Black "Pappas, Apostolos"]
[Result "1-0"]
[WhiteElo "2431"]
[BlackElo "2034"]
[Annotator "TA"]
[PlyCount "61"]
[EventDate "2018.07.10"]
[EventType "team-tourn"]
[EventCountry "GRE"]
[SourceTitle "playchess.com"]
[Source "ChessBase"]
[SourceQuality "1"]

1. e4 c5 2. Nf3 d6 3. Bb5+ Nd7 4. O-O Ngf6 5. Re1 a6 6. Bd3 g6 7. c3 Bg7 8. Bc2 O-O 9. d4 e5 10. d5 b5 11. a4 Nb6 12. axb5 axb5 13. Rxa8 Nxa8 14. Na3 Nc7 15. Bd3 Bd7 16. Qe2 Qb8 17. h3 Nh5 18. b4 c4 19. Bb1 Qc8 20. Nh2 Nf4 21. Bxf4 exf4 22. Qd2 Bxh3 23. gxh3 Qxh3 24. f3 g5 25. Nc2 Re8 26. Re2 h5 27. Rg2 Re5 28. Nd4 Bf6 29. Nf1 h4 30. Nh2 Bg7 31. Nc6 1-0

[Event "46th GRE-chT Premier 2018"]
[Site "Rio Achaia"]
[Date "2018.07.15"]
[Round "7"]
[White "Morozov, Nichita"]
[Black "Tzermiadianos, Andreas"]
[Result "0-1"]
[WhiteElo "2429"]
[BlackElo "2437"]
[Annotator "TA"]
[PlyCount "98"]
[EventDate "2018.07.10"]
[EventType "team-tourn"]
[EventCountry "GRE"]
[SourceTitle "playchess.com"]
[Source "ChessBase"]
[SourceQuality "1"]

1. d4 Nf6 2. c4 e6 3. Nc3 Bb4 4. Qc2 d5 5. cxd5 Qxd5 6. Nf3 Qf5 7. Qb3 Nc6 8. g3 Ne4 9. Be3 a5 10. a4 Ra6 11. Rc1 Qd5 12. Qd1 Qa2 13. Qc2 Nd6 14. Bd2 Bxc3 15. bxc3 Qxc2 16. Rxc2 Rb6 17. Bg2 Rb1+ 18. Rc1 Rxc1+ 19. Bxc1 Bd7 20. O-O Ne7 21. Ne5 Bxa4 22. Ba3 Bb3 23. Nd3 Nc4 24. Ra1 b6 25. Bc1 Nd5 26. Bxd5 exd5 27. Bf4 Kd7 28. Ne5+ Nxe5 29. Bxe5 Re8 30. Kf1 Bc4 31. Re1 a4 32. Bf4 a3 33. Bc1 a2 34. Bb2 Kc6 35. f3 Kb5 36. Kf2 f5 37. Ba1 Ka4 38. e3 Kb3 39. Rc1 g5 40. h3 h5 41. h4 gxh4 42. gxh4 Rg8 43. Re1 Bd3 44. Rd1 Kc2 45. Rh1 c5 46. dxc5 bxc5 47. Rh2 Bc4 48. e4 f4 49. exd5 Rd8 0-1

[Event "46th GRE-chT Premier 2018"]
[Site "Rio Achaia"]
[Date "2018.07.15"]
[Round "7"]
[White "Vlachos, Anatole"]
[Black "Ladopoulos, Dimitrios"]
[Result "1-0"]
[WhiteElo "2428"]
[BlackElo "2183"]
[Annotator "TA"]
[PlyCount "69"]
[EventDate "2018.07.10"]
[EventType "team-tourn"]
[EventCountry "GRE"]
[SourceTitle "playchess.com"]
[Source "ChessBase"]
[SourceQuality "1"]

1. Nf3 Nf6 2. g3 g6 3. Bg2 Bg7 4. O-O O-O 5. c4 c6 6. Nc3 d5 7. d4 dxc4 8. a4 Nd5 9. e4 Nxc3 10. bxc3 b5 11. Ba3 Nd7 12. d5 c5 13. axb5 Bxc3 14. Ra2 a6 15. Bc1 Nb6 16. Bh6 axb5 17. Rxa8 Nxa8 18. Bxf8 Qxf8 19. e5 Bg4 20. Qc1 b4 21. Qf4 Bxf3 22. Bxf3 Nb6 23. d6 e6 24. Bc6 Qc8 25. Bb5 Bd4 26. h4 h5 27. Qf6 c3 28. Qe7 Nd5 29. Qg5 Nb6 30. g4 hxg4 31. h5 Qf8 32. hxg6 f6 33. Qxg4 fxe5 34. Qxe6+ Kg7 35. Qe7+ 1-0

[Event "46th GRE-chT Premier 2018"]
[Site "Rio Achaia"]
[Date "2018.07.15"]
[Round "7"]
[White "Warmerdam, Max"]
[Black "Nikolov, Momchil"]
[Result "1/2-1/2"]
[WhiteElo "2424"]
[BlackElo "2551"]
[Annotator "TA"]
[PlyCount "74"]
[EventDate "2018.07.10"]
[EventType "team-tourn"]
[EventCountry "GRE"]
[SourceTitle "playchess.com"]
[Source "ChessBase"]
[SourceQuality "1"]

1. e4 c6 2. d4 d5 3. e5 Bf5 4. Nf3 e6 5. Be2 c5 6. Be3 cxd4 7. Nxd4 Ne7 8. O-O Nbc6 9. Bb5 a6 10. Bxc6+ Nxc6 11. Nxf5 exf5 12. f4 Qd7 13. Nd2 d4 14. Bf2 Bc5 15. Nb3 Ba7 16. Qe2 Qe6 17. Rfd1 O-O-O 18. c3 dxc3 19. Bxa7 Nxa7 20. Nd4 Qb6 21. bxc3 g6 22. Qe3 Qc7 23. Nxf5 gxf5 24. Qxa7 Qc6 25. Qe3 Rhg8 26. g3 h5 27. Rd4 h4 28. Rad1 h3 29. Qd2 Rxd4 30. cxd4 Qd5 31. Rc1+ Kb8 32. Rc5 Qe4 33. d5 Rc8 34. Rxc8+ Kxc8 35. d6 Kd7 36. Kf2 Qg2+ 37. Ke3 Qe4+ 1/2-1/2